000 00628nam a22002172 4500
001 0000005817
005 20151217145826.0
008 070717s xx 000 0 eng d
020 _a070444803 :
_cKES 3,400
040 _aKABU
_cKABU
050 0 _aQA76.73
_b.P22B76 2001
100 1 _aBrown, Martin C.
_@0000157042
245 1 0 _aPerl :
_bthe complete reference.
250 _a2nd ed.
260 _aNew Delhi :
_bMcGraw-Hill,
_c2001.
300 _axxxiii, 1207 p.
650 0 _aPerl (Computer program language)
_@0000154514
908 _a070717
950 _@1
999 _c2984
_d2984